00332nam a2200121Ia 4500008004000000020001800040082001800058100002500076245004000101260003000141300001200171650002700183210210b1996 xxu||||| |||| 00| 0 eng d a81 250 0855 1 a306.0954 BOSS aBOSE (Nirmal Kumar). aStructure of Hindu Society. Rev ed. aN DbOrient Longmanc1996 axiv,196 aIndian Hindu Society